Multiple time scales (Record no. 9153)
[ view plain ]
| 000 -LEADER | |
|---|---|
| fixed length control field | 00697nam a2200217Ia 4500 |
| 003 - CONTROL NUMBER IDENTIFIER | |
| control field | IN-BaIIA |
| 008 - FIXED-LENGTH DATA ELEMENTS--GENERAL INFORMATION | |
| fixed length control field | 211028s9999 xx 000 0 eng d |
| 020 ## - INTERNATIONAL STANDARD BOOK NUMBER | |
| International Standard Book Number | 0-12-123420-7 |
| 040 ## - CATALOGING SOURCE | |
| Transcribing agency | IIA Library |
| 080 ## - UNIVERSAL DECIMAL CLASSIFICATION NUMBER | |
| Universal Decimal Classification number | 517.95 |
| Item number | BRA |
| 245 #0 - TITLE STATEMENT | |
| Title | Multiple time scales |
| Statement of responsibility, etc. | edited by Jeremiah U. Brackbill and Bruce I. Cohen |
| 260 ## - PUBLICATION, DISTRIBUTION, ETC. | |
| Place of publication, distribution, etc. | Orlando |
| Name of publisher, distributor, etc. | Academic Press |
| Date of publication, distribution, etc. | 1985 |
| 300 ## - PHYSICAL DESCRIPTION | |
| Extent | xiii, 442p. |
| 490 ## - SERIES STATEMENT | |
| Series statement | Computational Techniques ; v. 3 |
| 650 ## - SUBJECT ADDED ENTRY--TOPICAL TERM | |
| Topical term or geographic name entry element | Multiple Scales |
| 9 (RLIN) | 15380 |
| 650 ## - SUBJECT ADDED ENTRY--TOPICAL TERM | |
| Topical term or geographic name entry element | Partial Differential Equations |
| 650 ## - SUBJECT ADDED ENTRY--TOPICAL TERM | |
| Topical term or geographic name entry element | Time Scales |
| 9 (RLIN) | 15381 |
| 700 ## - ADDED ENTRY--PERSONAL NAME | |
| Personal name | Brackbill, Jeremiah U., ed. |
| 9 (RLIN) | 15382 |
| 700 ## - ADDED ENTRY--PERSONAL NAME | |
| Personal name | Cohen, Bruce I., ed. |
| 9 (RLIN) | 15383 |
| 942 ## - ADDED ENTRY ELEMENTS (KOHA) | |
| Koha item type | Books |
| Withdrawn status | Lost status | Damaged status | Not for loan | Home library | Current library | Shelving location | Date acquired | Cost, normal purchase price | Total Checkouts | Full call number | Barcode | Date last seen | Cost, replacement price | Price effective from | Koha item type | Purchase Price |
|---|---|---|---|---|---|---|---|---|---|---|---|---|---|---|---|---|
| IIA Library-Bangalore | IIA Library-Bangalore | General Stacks | 967.90 | 517.95/ BRA | 10056 | 05/11/2021 | 967.90 | Books | Rs. 967.90 |